000 00515cam a2200181 i 4500
005 20260401122634.0
008 250721s1963 xxk gr 000 0 eng d
082 1 4 _a956
_bG L U
100 1 _aglubb, john
_eauthor.
245 1 4 _athe empire of the arabs /
_clieutenant general sir john glubb.
250 _afirst edition.
264 3 1 _alondon :
_bhodder and stoughton,
_c1963.
300 _a384 Pages.
650 1 7 _aHISTORY.
650 1 7 _aARAB COUNTRIES.
942 _2ddc
_cBK
999 _c88043
_d88043